|
|
|
|
| LEADER |
00000nam a2200000 a 4500 |
| 001 |
vtls001303886 |
| 003 |
SK-MaSNL |
| 005 |
20260302070059.0 |
| 008 |
240226s1997 xo 000 0 slo |
| 015 |
|
|
|a SNBE1998/02-01298
|
| 035 |
|
|
|a SNK000256069
|
| 035 |
|
|
|a urn:nbn:sk:snk-amkum1
|
| 035 |
|
|
|a urn:nbn:sk:snk-am004hse
|
| 035 |
|
|
|a 454D3F13-F023-4377-9800-095F31BF2A50
|
| 040 |
|
|
|a SNK
|b slo
|c SNK
|e AACR2
|
| 041 |
0 |
|
|a slo
|
| 044 |
|
|
|a xo
|c SK
|
| 080 |
|
|
|a 908.437.677:323.269.6(437.677):061.75 (083.97)"1907/1997"
|2 1981
|
| 080 |
|
|
|a 323.269.6(437.677)
|2 1981
|
| 245 |
0 |
0 |
|a Mesto Ružomberok ... Vás pozývajú do Černovej na celoslovenskú spomienku a národnú púť pri príležitosti 90. výročia černovskej tragédie ...
|b 24.-26.10.1997 : [pozvánka]
|
| 260 |
|
|
|a [Ružomberok
|b Mestský úrad
|c 1997]
|
| 300 |
|
|
|a 1 zlož. list ([4] s.)
|b ilustr.
|c 20 x 11 cm
|
| 648 |
|
7 |
|a 1907-1997
|2 SNK
|9 385562
|
| 650 |
0 |
7 |
|a Černovská tragédia (1907 : Černová, Ružomberok, Slovensko)
|2 SNK
|9 13642
|
| 650 |
0 |
7 |
|a spomienkové podujatia
|2 SNK
|9 120764
|
| 650 |
0 |
7 |
|a národné púte
|2 SNK
|9 730158
|
| 651 |
|
7 |
|a Černová (Ružomberok, Slovensko)
|2 SNK
|9 105537
|
| 655 |
|
7 |
|a pozvánky
|2 SNK
|9 71913
|
| 999 |
|
|
|c 1145421
|d 1147351
|
| 952 |
|
|
|t P60, <03>, [BOOK], {603}
|a SNK
|b SNK
|y PREZ
|7 0
|p 17A0088325
|o snkOSD 8074
|i snkKSP 10102/97
|0 0
|1 0
|4 0
|d 1997-09-30
|l 0
|r 2005-01-02 00:00:00
|w 2026-02-24
|
| 952 |
|
|
|t P60, <04>, [BOOK], {604}
|a SNK
|b SNK
|y VYP
|7 0
|p 17A0230871
|o snkOSD 8074 D1
|i snkD 223/2000
|0 0
|1 0
|4 0
|d 2000-03-29
|f 1
|l 0
|r 2005-01-02 00:00:00
|w 2026-02-24
|